000 00428pab a2200157 454500
008 180718b2006 xxu||||| |||| 00| 0 eng d
100 _aChiu, Catherine C.H.
245 _aChanging experiences of work in reformed state-owned enterprises in China
260 _c2006
300 _ap.677-97.
362 _aMay
650 _aPublic sector - China
650 _aPublic sector
773 _aOrganization Studies
909 _a70099
999 _c70099
_d70099